Auditoría Ciudadana sobre la calidad de la democracia: propuesta para su ejecución en Costa Rica /

Wedi'i Gadw mewn:
Manylion Llyfryddiaeth
Prif Awdur: Gutiérrez Saxe, Miguel
Awduron Eraill: Vargas Cullell, Jorge Luis
Fformat: Anhysbys
Cyhoeddwyd: San José: Proyecto Estado de la Nación
Pynciau:
Tagiau: Ychwanegu Tag
Dim Tagiau, Byddwch y cyntaf i dagio'r cofnod hwn!

MARC

LEADER 00000 a2200000 04500
001 11582
003
008 991231s d
040
090 |a 140102  
100 1 |a Gutiérrez Saxe, Miguel 
245 |a Auditoría Ciudadana sobre la calidad de la democracia: propuesta para su ejecución en Costa Rica /  |c Miguel Gutiérrez Saxe 
260 |a San José:   |b Proyecto Estado de la Nación  
650 |a METODOLOGIA  
650 |a DEMOCRACIA  
650 |a INVESTIGACION  
650 |a INDICADORES  
650 |a POLITICA  
700 |a Vargas Cullell, Jorge Luis  
999 |c 10995  |d 10995